| 000 | 00644nam a2200181Ia 4500 | ||
|---|---|---|---|
| 008 | 151018s9999 xx 000 0 und d | ||
| 082 |
_bRBASDV63841 _a891.431 |
||
| 100 | _aविनोद कुमार श्रीवास्तव | ||
| 245 | _aएवजी में शब्द | ||
| 250 | _b1 | ||
| 260 |
_bसंभावना _c2014 |
||
| 300 | _a80 | ||
| 600 | _aविनोद कुमार श्रीवास्तव | ||
| 630 | _aएवजी में शब्द | ||
| 700 | _aविनोद कुमार श्रीवास्तव | ||
| 730 | _aएवजी में शब्द | ||
| 942 | _cBOOK | ||
| 999 |
_c1056182 _d1056179 |
||